| 000 | 00673nam a2200229 a 4500 | ||
|---|---|---|---|
| 005 | 20210223130439.0 | ||
| 008 | 080519s1990 mx r 000 0 spa d | ||
| 020 | _a0716720566 | ||
| 035 | _aUPN01000155952 | ||
| 049 | _aCG | ||
| 050 | 4 |
_aQH457 _bP5.2 1990 |
|
| 100 | 1 |
_aPlomin, Robert, _d1948- _929864 |
|
| 245 | 1 | 0 |
_aBehavioral genetics : _ba primer / _cRobert Plomin. |
| 250 | _a2nd ed. | ||
| 260 |
_aNew York : _bFreeman, _c1990. |
||
| 300 |
_axiv, 455 p. : _bil. |
||
| 440 | 0 | _aBooks in psychology | |
| 650 | 4 |
_aGENETICA DE LA CONDUCTA _98174 |
|
| 700 | 1 |
_aDeFries, John C., _d1934- , _ecoaut. |
|
| 700 | 1 |
_aMcClearn, Gerald E., _d1927- , _ecoaut. |
|
| 905 | _aLibro | ||
| 999 |
_c128066 _d128066 |
||